=LDR 00000nam 2200000 4500 =001 INLIS000000000029527 =005 20130612131744 =008 ***********************************Ind** =035 ##$$0010-061300000029527 =041 ##$$a Ind =082 ##$$a 813.085 =090 ##$$a 813.085, Khu d =100 ##$$a Khuli, Hadi S =245 ##$$a Derapderap tasbih, novel inspirasi religius iman, cinta dan tradisi, Hadi S. Khuli =260 ##$$a 2008 $b jakarta =300 ##$$a 412 hlm, 20 cm =650 ##$$a Fiksi Indonesia-Spritual =850 ##$$a NBPNMAT